003540000a22001090004500090001700000245004600017041001400063100003400077942001300111773010300124999001700227 aASbSeriadas10aRapaces en la naturaleza y en la historia0 aEspañol1 aTorres Barreto, Alvaro999199 cARTICULO1 tRevista de la Academia Colombiana de Ciencias Exactas, Fisicas y Naturales332h68q7-14d1991g18 c14313d14313